000 00776nam a2200277 a 4500
005 20200104041518.0
008 140225b1995 fr ||||| |||| 00| 0 spa d
040 _aCO-BoIAVH
_cCO-BoIAVH
041 _aeng
044 _afr
090 _aLB
_b01106
100 _aBoege, Eckart
_910831
245 4 _aThe Calakmul biosphere reserve, Mexico
260 _aParĂ­s
_bUNESCO
_c1995
300 _a39 p.
650 _aImpacto humano
_93679
650 _aTenencia de tierras
_94530
650 _aUso sostenible
_9344
650 _aDesarrollo sostenible
_9278
650 _aUso de biodiversidad
_9343
650 _aSilvicultura
_944948
650 _aProductos no maderables
_94464
650 _aAgricultura sostenible
_9210
650 _aEcosistemas
_944950
942 _cINFORME
_2z
999 _c1117
_d1117